LIBRARY & INFORMATION CENTRE, KCAET, TAVANUR

ONLINE PUBLIC ACCESS CATALOGUE (OPAC)

Coastal aquaculture engineering / (Record no. 4816)

MARC details
000 -LEADER
fixed length control field 00442cam a2200169ua 4500
003 - CONTROL NUMBER IDENTIFIER
control field OSt
008 - FIXED-LENGTH DATA ELEMENTS--GENERAL INFORMATION
fixed length control field 240320b |||||||| |||| 00| 0 eng d
020 ## - INTERNATIONAL STANDARD BOOK NUMBER
ISBN 81 204 0500 5
041 ## - LANGUAGE CODE
Language code of text/sound track or separate title eng
082 ## - DEWEY DECIMAL CLASSIFICATION NUMBER
Classification number 639.8
Item number GHO/CO
100 ## - MAIN ENTRY--AUTHOR NAME
Personal name Ghosh, S N .
245 ## - TITLE STATEMENT
Title Coastal aquaculture engineering /
260 ## - PUBLICATION, DISTRIBUTION, ETC. (IMPRINT)
Place of publication New Delhi :
Name of publisher Oxford & IBH Publishing company ,
Year of publication 1991.
300 ## - PHYSICAL DESCRIPTION
Number of Pages 365 ; .
700 1# - ADDED ENTRY--PERSONAL NAME
Personal name Bose, A N .
942 ## - ADDED ENTRY ELEMENTS (KOHA)
Koha item type Books
Holdings
Withdrawn status Lost status Damaged status Home library Current library Date acquired Full call number Accession Number Koha item type
      KAUAET KAUAET 07/04/2012 639.8 GHO/CO 18028 Books
free website counter